Catálogo
 En Linea

40 años de economía dominicana / (Registro nro. 50647)

Detalles MARC
000 -CABECERA
campo de control de longitud fija 01653nam a2200301 a 4500
003 - IDENTIFICADOR DEL NÚMERO DE CONTROL
campo de control DO-SdBNP
005 - FECHA Y HORA DE LA ÚLTIMA TRANSACCIÓN
campo de control 20240315194505.0
007 - CAMPO FIJO DE DESCRIPCIÓN FÍSICA--INFORMACIÓN GENERAL
campo de control de longitud fija ta
008 - DATOS DE LONGITUD FIJA--INFORMACIÓN GENERAL
campo de control de longitud fija 210923e2018 dr abd|gr|||| 001 0dspa d
020 ## - NÚMERO INTERNACIONAL ESTÁNDAR DEL LIBRO
Número Internacional Estándar del Libro 9993467219
040 ## - FUENTE DE LA CATALOGACIÓN
Centro catalogador/agencia de origen DO-SdBNP
Lengua de catalogación spa
Centro/agencia transcriptor BNPHU
082 #4 - NÚMERO DE LA CLASIFICACIÓN DECIMAL DEWEY
Número de edición 22
Número de clasificación 330.97293
Número de documento/Ítem D473c 2018
100 1# - ENTRADA PRINCIPAL--NOMBRE DE PERSONA
Nombre de persona Despradel, Carlos
Fechas asociadas al nombre 1942-
9 (RLIN) 9280
245 10 - MENCIÓN DE TÍTULO
Título 40 años de economía dominicana /
Mención de responsabilidad, etc. Carlos Despradel.
246 13 - FORMA VARIANTE DE TÍTULO
Título propio/Titulo breve Cuarenta años de economía dominicana
250 ## - MENCIÓN DE EDICIÓN
Mención de edición 4a. ed. ampliada
260 ## - PUBLICACIÓN, DISTRIBUCIÓN, ETC.
Lugar de publicación, distribución, etc. Santo Domingo :
Nombre del editor, distribuidor, etc. Búho,
Fecha de publicación, distribución, etc. 2018
300 ## - DESCRIPCIÓN FÍSICA
Extensión 454 p. :
Otras características físicas il., gráfcs., retrs. ;
Dimensiones 23 cm
500 ## - NOTA GENERAL
Nota general Incluye datos biográficos del autor en la contracubierta.
504 ## - NOTA DE BIBLIOGRAFÍA, ETC.
Nota de bibliografía, etc. Bibliografía : p. 453-454
505 0# - NOTA DE CONTENIDO CON FORMATO
Información miscelánea Capítulo I.
Título Los años del despegue económico.--
Información miscelánea Capítulo II.
Título La primera crisis económica contemporánea.--
Información miscelánea Capítulo III.
Título La crisis económica del 1990 y sus consecuencias.--
Información miscelánea Capítulo IV.
Título Los años de prosperidad posteriores a las reformas.--
Información miscelánea Capítulo V.
Título Antecedentes de la crisis financiera del 2003.--
Información miscelánea Capítulo VI.
Título Explota la crisis bancaria del 2003.--
Información miscelánea Reflexiones complementarias. Hacia dónde vamos.--
Título Aspectos conceptuales del crecimiento dominicano.--
-- Análisis de los diferentes periódos de los último 40 años.--
-- Hacias dónde va la economía dominicana.--
-- Anexos.--
-- Epílogo.
590 ## - NOTA LOCAL (RLIN)
Nota local Inventariado 2021 / MF
650 #4 - PUNTO DE ACCESO ADICIONAL DE MATERIA--TÉRMINO DE MATERIA
Término de materia o nombre geográfico como elemento de entrada Crisis financiera
Subdivisión geográfica República Dominicana
9 (RLIN) 61929
650 #4 - PUNTO DE ACCESO ADICIONAL DE MATERIA--TÉRMINO DE MATERIA
Término de materia o nombre geográfico como elemento de entrada Bancos
Subdivisión geográfica República Dominicana
Subdivisión general Historia
9 (RLIN) 26124
651 #4 - PUNTO DE ACCESO ADICIONAL DE MATERIA--NOMBRE GEOGRÁFICO
Nombre geográfico República Dominicana
Subdivisión general Política económica
-- Historia
9 (RLIN) 10018
910 ## - DATOS DE OPCIÓN DEL USUARIO (OCLC)
Datos de opción del usuario Validado. Control de calidad MFF
942 ## - ELEMENTOS DE PUNTO DE ACCESO ADICIONAL (KOHA)
Fuente del sistema de clasificación o colocación Dewey Decimal Classification
Tipo de ítem Koha Libro
Existencias
Estado de retiro Estado de pérdida Fuente del sistema de clasificación o colocación Restricciones de uso No para préstamo Código de colección Localización permanente Ubicación/localización actual Ubicación en estantería Fecha de adquisición Fuente de adquisición Total de préstamos Signatura topográfica completa Código de barras Fecha visto por última vez Precio válido a partir de Tipo de ítem Koha Número de copia
    Dewey Decimal Classification Préstamo en sala   Dominicana de Servicio Biblioteca Nacional Pedro Henríquez Ureña Dominicana Depósito 29.06.2018 Donado por Editora Búho   BNPHU DS 330.97293 D473c 2018 2021-26983 23.09.2021 23.09.2021 Libro y Folleto Colección Dominicana de Servicio e.3
    Dewey Decimal Classification Excluido de préstamo   Patrimonio Dominicano Biblioteca Nacional Pedro Henríquez Ureña Patrimonio Dominicano Depósito 29.06.2018 Donado por Editora Búho   BNPHU PD 330.97293 D473c 2018 2021-26981 23.09.2021 23.09.2021 Libro y Folleto Colección Patrimonio Dominicano  
    Dewey Decimal Classification Excluido de préstamo   Patrimonio Dominicano Biblioteca Nacional Pedro Henríquez Ureña Patrimonio Dominicano Depósito 29.06.2018 Donado por Editora Búho   BNPHU PD 330.97293 D473c 2018 2021-26982 23.09.2021 23.09.2021 Libro y Folleto Colección Patrimonio Dominicano e.2

Con tecnología Koha